000
00288nam a22001337a 4500
008
171130b xxu||||| |||| 00| 0 eng d
020
_a
0873959957
041
_a
eng
080
_a
94
100
_a
17
101
_a
HIS
245
_a
DISENCHANTED REALISTS
_c
SEIDELMAN,R
942
_2
udc
_c
BK
999
_c
38635
_d
38635